1316 1550 1745 1636 1140 1839 1971 1117 1480 1340 1106 1513 1501 1128 1709 1701 1940 1737 1852 1908 1561 1190 1583 1309 1801 1234 1143 1688 1101 1999 1562 1835 1950 1186 1946 1794 1840 1037 1292 1486 1997 1000 1468 1784 1506 1379 1482 1569 1787 1232 1850 1239 1011 1111 1624 1397 1318 1761 1087 1355 1328 1660 1949 1240 1986 1468 1499 1523 1984 1815 1232 1228 1610 1335 1535 1290 1424 1672 1179 1108 1385 2000 1282 1395 1156 1874 1421 1939 1091 1728 1965 1489 1969 1762 1072 1312 1445 1341 1834 BCNSPRNW ULIB Ver.6.0+V

เปลี่ยนเป็นภาษาไทย

Change to English
 แสดงรายละเอียดบรรณานุกรม
  กลับหน้าหลัก

Brief Record : Get Marc (ISO 2709) : E-mail record : QR code < ปิดหน้าต่าง
LEADER : 00000nam 2200000uu 4500
001    13399113436
003     ULIB
008    020711s2553 th a 000 0 tha d
020    ^a9789744961389
060  4 ^aQW170^bพ778ว
100    ^aพิสิฐ ตั้งกิจวานิชย์
245    ^aไวรัสตับอักเสบบีและมะเร็งตับ = Hepatitis B virus and liver cancer/^cพิสิฐ ตั้งกิจวานิชย์
250    ^aพิมพ์ครั้งที่ 1
260    ^aกรุงเทพฯ :^bก.การพิมพ์เทียนกวาง, ^c 2553
300    317 หน้า:^bภาพประกอบ
650  7 ไวรัสตับอักเสบ
650  7 มะเร็งตับ
945    ^p500^l0^i030707
945    ^p500^l0^i030708
945    ^p500^l0^i030709
945    ^p500^l0^i031373
995    เกษร
999 ^a ใช้งานได้ทุกระบบ
รายการนี้ยังไม่มีแท็ก
คุณยังไม่ได้ล็อกอิน คุณสามารถมีกิจกรรมร่วมกับเว็บไซต์ได้ แต่ต้องล็อกอินก่อน ::
  ล็อกอิน

รายการสื่อสารสนเทศ

ลำดับที่ ประเภท เลขเรียก/บาร์โค้ด สถานที่ สถานะ
1. วิทยาศาสตร์การแพทย์ และสุขภาพ
หนังสือสำรอง
สถานะ=หนังสือสำรอง
QW170 พ778ว ฉ.1 
  Barcode: 030707
ห้องสมุดวิทยาเขตสวรรค์ประชารักษ์
►ส่วนจัดเก็บหนังสือเก่า สปร
บนชั้น
  ขอยืม
2. วิทยาศาสตร์การแพทย์ และสุขภาพ
วิทยาศาสตร์การแพทย์ และสุขภาพ
QW170 พ778ว ฉ.2 
  Barcode: 030708
ห้องสมุดวิทยาเขตสวรรค์ประชารักษ์
►ส่วนจัดเก็บหนังสือเก่า สปร
บนชั้น
  ขอยืม
3. วิทยาศาสตร์การแพทย์ และสุขภาพ
วิทยาศาสตร์การแพทย์ และสุขภาพ
QW170 พ778ว ฉ.3 
  Barcode: 030709
ห้องสมุดวิทยาเขตสวรรค์ประชารักษ์
►ส่วนจัดเก็บหนังสือเก่า สปร
บนชั้น
  ขอยืม
4. วิทยาศาสตร์การแพทย์ และสุขภาพ
วิทยาศาสตร์การแพทย์ และสุขภาพ
QW170 พ778ว ฉ.4 
  Barcode: 031373
ห้องสมุดวิทยาเขตสวรรค์ประชารักษ์
►ส่วนจัดเก็บหนังสือเก่า สปร
บนชั้น
  ขอยืม

รายการใกล้เคียง
    หัวเรื่อง [ไวรัสตับอักเสบ]
    หัวเรื่อง [มะเร็งตับ]

BibComment


ยังไม่เคยถูกคอมเมนท์

คอมเมนท์ทรัพยากรรายการนี้
  คอมเมนท์: ไวรัสตับอักเสบบี..


 Copyright 2026. Bcnsprnw @Library